000 00330nam a22001337a 4500
008 210224b ||||| |||| 00| 0 eng d
020 _a9780471098812
041 _aeng
080 _24th edition
_a510
100 _a36
101 _aMAT
245 _aIntroduction to Ordinary Differential Equations
_cRoss,L.SH
942 _2udc
_cBK
999 _c55124
_d55124